Spanish Idioms Quiz Stats

 Plays Quiz not verified by Sporcle

Challenge
Share
Tweet
Embed
Score 0/14 Timer 04:00
0 Plays Today
Spanish Literal Translation % Correct
Tomar el peloTo take the hair
90.1%
Ser pan comidoTo be bread eaten
61.4%
Estar como una cabraTo be like a goat
57.4%
Hacer agua en la bocaTo make one's mouth water
39.6%
Tirar la casa por la ventanaTo throw the house through the window
28.7%
Estar más sano que una peraTo be healthier than a pear
21.8%
No tener pelos en la lenguaTo not have hair in the tongue
19.8%
Spanish Literal Translation % Correct
Empezar la casa por el tejadoTo start the house by the roof
17.8%
Echar agua al marTo throw water into the sea
14.9%
Tener un humor de perrosTo have a dog's mood
12.9%
Estar hecho un ajíTo be made a chili
10.9%
Ser uña y carneTo be nail and flesh
9.9%
Tener más lana que un borregoTo have more wool than a lamb
9.9%
Quedarse de piedraTo stay like a stone
7.9%

You're not logged in!

Compare scores with friends on all Sporcle quizzes.
OR
Log In

You Might Also Like...

Show Comments

Extras

Top Quizzes Today


Score Distribution

Your Account Isn't Verified!

In order to create a playlist on Sporcle, you need to verify the email address you used during registration. Go to your Sporcle Settings to finish the process.

Report this User

Report this user for behavior that violates our Community Guidelines.

Details: